[Event "AUTO-ADV-2121"]
[Site "http://www.queenalice.com/game.php?id=923561"]
[Date "2011.4.8"]
[Round "1"]
[White "Artking"]
[Black "Kleber_William"]
[Result "1-0"]
[WhiteElo "1854"]
[BlackElo "1685"]

1. e4 e5 2. Nf3 d6 3. Bc4 Nf6 4. d3 Nc6 5. c3 a6 6. a4 Bd7 7. O-O Na5 8. Ba2 Qe7
9. b4 Nc6 10. h3 Be6 11. Bg5 g6 12. Nbd2 Bxa2 13. Rxa2 Qe6 14. Nc4 a5 15. b5 Nb8
16. d4 Bg7 17. Qe2 Nxe4 18. Qxe4 Qxc4 19. Ra3 Nd7 20. Re1 O-O 21. Qxb7 exd4 22.
cxd4 Bxd4 23. Nxd4 Qxd4 24. Qxc7 Ne5 25. Qc3 Qxc3 26. Rxc3 Rac8 27. Rb3 Rc7 28.
b6 Rb7 29. Bf6 Nc4 30. Bd4 Rfb8 31. Rb5 1-0

[Event "AUTO-ADV-2121"]
[Site "http://www.queenalice.com/game.php?id=923562"]
[Date "2011.4.8"]
[Round "1"]
[White "Kleber_William"]
[Black "vult0"]
[Result "0-1"]
[WhiteElo "1733"]
[BlackElo "1815"]

1. e4 e5 2. Nf3 d6 3. d4 exd4 4. Qxd4 Be6 5. Nc3 Nc6 6. Qe3 Nf6 7. Bb5 Bd7 8.
Ng5 Be7 9. Bc4 Ne5 10. f4 Nxc4 11. Qe2 Nb6 12. Bd2 O-O 13. O-O-O c5 14. Qf3 Bg4
15. Qg3 Bxd1 16. Rxd1 Nc4 17. Qh3 h6 18. Nf3 Qb6 19. b3 Nxd2 20. Nxd2 Qc6 21. g4
b5 22. g5 hxg5 23. fxg5 Nh7 24. Nf3 Nxg5 25. Rg1 Nxh3 0-1

[Event "AUTO-ADV-2121"]
[Site "http://www.queenalice.com/game.php?id=923563"]
[Date "2011.4.8"]
[Round "1"]
[White "vult0"]
[Black "Kleber_William"]
[Result "1-0"]
[WhiteElo "1839"]
[BlackElo "1731"]

1. e4 e5 2. Bc4 Nf6 3. d3 d5 4. exd5 Nxd5 5. Qf3 Be6 6. Ne2 Nc6 7. c3 Qd7 8. O-O
Nf6 9. Bb3 Bg4 10. Qe3 Be7 11. Nd2 O-O-O 12. Bc2 Rhe8 13. b4 Bf5 14. Ne4 Nxe4
15. dxe4 Bg6 16. a4 h6 17. b5 Na5 18. Qxa7 c6 19. b6 Bd6 20. Qxa5 Qg4 21. f3 Qe6
22. Bd3 Re7 23. c4 Bc5+ 24. Qxc5 Rxd3 25. a5 Red7 26. a6 Rd1 27. axb7+ Kxb7 28.
Qa5 Rxf1+ 29. Kxf1 Rd1+ 30. Kf2 c5 31. Qa7+ Kc6 32. Qc7# 1-0

[Event "AUTO-INT-1872"]
[Site "http://www.queenalice.com/game.php?id=924093"]
[Date "2011.4.9"]
[Round "2"]
[White "coutovet"]
[Black "Kleber_William"]
[Result "1-0"]
[WhiteElo "1379"]
[BlackElo "1471"]

1. e4 e5 2. Nf3 d6 3. h3 Nf6 4. Nc3 Nc6 5. a3 d5 6. exd5 Nxd5 7. Qe2 f6 8. Nxd5
Qxd5 9. d3 Be6 10. c4 Qd6 11. Bd2 Nd4 12. Nxd4 Qxd4 13. Bc3 Qb6 14. b4 1-0

[Event "AUTO-INT-1872"]
[Site "http://www.queenalice.com/game.php?id=924094"]
[Date "2011.4.9"]
[Round "2"]
[White "Kleber_William"]
[Black "coutovet"]
[Result "0-1"]
[WhiteElo "1451"]
[BlackElo "1399"]

1. e4 e5 2. Nf3 d6 3. d4 exd4 4. Nxd4 c5 5. Bb5+ Bd7 6. Bxd7+ Nxd7 7. Nf3 Qa5+
8. Nc3 h6 9. O-O O-O-O 10. Qd3 Ngf6 11. Bd2 Ne5 12. Nxe5 dxe5 13. Nd5 Qa6 14.
Qxa6 bxa6 0-1

[Event "AUTO-INT-1872"]
[Site "http://www.queenalice.com/game.php?id=924099"]
[Date "2011.4.9"]
[Round "2"]
[White "Kleber_William"]
[Black "mjKoviak"]
[Result "0-1"]
[WhiteElo "1595"]
[BlackElo "1818"]

1. e4 c5 2. Qf3 Nc6 3. Bc4 e6 4. Nh3 Ne5 5. Qe2 Nf6 6. Nc3 a6 7. f4 Nxc4 8. Qxc4
b5 9. Qe2 Bb7 10. d3 b4 11. Na4 d6 12. f5 Qd7 13. Nb6 Qc6 14. Nxa8 Bxa8 15. fxe6
fxe6 16. Bg5 Be7 17. Bxf6 Bxf6 18. Qg4 Qd7 19. Nf4 Bxb2 20. Rb1 Bc3+ 21. Ke2 e5
22. Qe6+ Qe7 23. Qxe7+ Kxe7 24. Nd5+ Bxd5 25. exd5 Rc8 0-1

[Event "AUTO-INT-1872"]
[Site "http://www.queenalice.com/game.php?id=924100"]
[Date "2011.4.9"]
[Round "2"]
[White "mjKoviak"]
[Black "Kleber_William"]
[Result "1-0"]
[WhiteElo "1829"]
[BlackElo "1560"]

1. d4 d5 2. c4 c6 3. Nf3 e6 4. Nbd2 Bb4 5. e3 Nf6 6. a3 Bxd2+ 7. Bxd2 Ne4 8. Bd3
Qf6 9. O-O Nd7 10. Qc2 e5 11. Bxe4 dxe4 12. Qxe4 O-O 13. Nxe5 Re8 14. f4 c5 15.
d5 Nxe5 16. Bc3 Bf5 17. Bxe5 Bxe4 18. Bxf6 gxf6 19. Rfd1 Bc2 20. Rd2 Bf5 21. Kf2
Re4 22. Rc1 Rae8 23. Rc3 Rd8 24. h3 1-0

[Event "Challenge"]
[Site "http://www.queenalice.com/game.php?id=924185"]
[Date "2011.4.10"]
[Round "-"]
[White "Kleber_William"]
[Black "elisangela"]
[Result "0-1"]
[WhiteElo "1497"]
[BlackElo "1780"]

1. e4 e6 2. Nf3 a6 3. d4 c6 4. Nc3 Bb4 5. Bd2 b5 6. a3 Bxc3 7. Bxc3 Nf6 8. e5
Ne4 9. Qd3 Nxc3 10. Qxc3 Bb7 11. Bd3 h6 12. O-O-O a5 0-1

[Event "Challenge"]
[Site "http://www.queenalice.com/game.php?id=924189"]
[Date "2011.4.10"]
[Round "-"]
[White "Kleber_William"]
[Black "grega"]
[Result "0-1"]
[WhiteElo "1697"]
[BlackElo "1805"]

1. e4 e5 2. Nf3 d6 3. d4 exd4 4. Qxd4 Nc6 5. Bb5 Bd7 6. Ng5 Ne5 7. Nc3 c6 8. Be2
f6 9. Nf3 c5 10. Qd1 Bc6 11. Nh4 Qc7 12. Be3 O-O-O 13. O-O g6 14. Bb5 Ne7 15.
Bf4 Nf7 16. Nf3 h5 17. Bc4 Ne5 18. Bxe5 dxe5 19. Qe2 g5 20. Rfd1 Ng6 21. Rxd8+
Qxd8 22. Rd1 Qc7 23. Bb5 g4 24. Ne1 Be7 25. Qc4 b6 26. Qf7 Bxb5 0-1

[Event "OS INCLIVEIS"]
[Site "http://www.queenalice.com/game.php?id=926066"]
[Date "2011.4.14"]
[Round "-"]
[White "adelio"]
[Black "Kleber_William"]
[Result "0-1"]
[WhiteElo "1727"]
[BlackElo "1724"]

1. g3 e5 2. b3 d6 3. h3 g6 4. a3 Nf6 5. d3 Bg7 6. e4 Nc6 7. c3 Be6 8. Ra2 d5 9.
Rd2 Qe7 10. g4 Na5 11. b4 Nc6 12. Bg2 d4 13. c4 a6 14. Rb2 b5 15. c5 a5 16. Bd2
axb4 17. axb4 O-O 18. f4 Ra2 19. Qc1 Rxb2 20. Qxb2 exf4 21. Nf3 Ra8 22. O-O Ra2
23. Qc1 Bb3 24. e5 Nd7 25. Re1 Ncxe5 26. Nxe5 Bxe5 27. Re4 Bc2 28. Na3 Bxd3 29.
Re1 Qh4 30. Rxe5 Nxe5 31. Qe1 Qxe1+ 32. Bxe1 Rxa3 33. Bd5 Ra1 34. Kf2 Bc4 35.
Be4 Nd3+ 36. Bxd3 Bxd3 37. Bd2 g5 38. c6 Rf1+ 39. Kg2 f3+ 40. Kg3 f2 41. Kf3 Rd1
42. Kxf2 Rxd2+ 43. Ke1 Ra2 44. h4 gxh4 45. g5 h3 46. g6 h2 47. gxf7+ Kxf7 48.
Kd1 h1=Q# 0-1

[Event "Challenge"]
[Site "http://www.queenalice.com/game.php?id=926188"]
[Date "2011.4.15"]
[Round "-"]
[White "Kleber_William"]
[Black "vania"]
[Result "0-1"]
[WhiteElo "1616"]
[BlackElo "1503"]

1. e4 e5 2. Nf3 Qf6 3. d3 h6 4. Nc3 c5 5. Nd5 Bd6 6. Nxf6+ Nxf6 7. c3 c4 8. dxc4
Nxe4 9. Bd3 Bc5 10. Be3 Bxe3 0-1